L'Italie en 10 dates - Statistiques

Statistiques générales
  • Ce quiz a été pris 20 fois
  • Le résultat moyen est 8 sur 10
Statistiques - réponses
Indice Réponses % Correct
En quelle année Mussolini a-t-il été fusillé ? 1945
94%
En quelle année a été signé le Traité de Rome, fondement de la coopération européenne ? 1957
94%
En quelle année l'extrême droite a fait son retour au pouvoir, menée par Giorgia Meloni ? 2022
94%
En quelle année les fascistes organisèrent-t-il la Marche sur Rome ? 1922
88%
En quelle année a eu lieu la chute de l'Empire Romain d'Occident ? 476
88%
En quelle année l'Italie remporta la Coupe du Monde de Football, face à la France ? 2006
75%
En quelle année les patriotes italiens unifièrent-ils l'Italie ? 1861
69%
En quelle année Jules César a-t-il été assassiné ? - 44
69%
En quelle année Léonard de Vinci a-t-il peint la Joconde ? 1503
44%
En quelle année eu lieu la fondation de Rome par Romulus et Rémus ? - 753
44%
Aucun quiz correspondant
Distribution des résultats
% des personnes avec chaque résultat
Percentile par nombre de réponses
Votre historique - résultats
Vous n’avez pas pris ce quiz